000 00478nam a2200181Ia 4500
001 20518
005 20260306172812.0
008 260306t2010||||xx |||||||||||||| ||spa||
041 _aESP
082 _a343.335
_bL22
100 _aLanda Arroyo, César
_eAUT
245 0 _aLos procesos constitucionales en la jurisprudencia del Tribunal Constitucional
260 _c2010
300 _a532 páginas :
_c24 cm.
650 _aGEN
654 _aCDE
942 _cLIB
_dJUS
_fJUS
_2ddc
_n
999 _c20518
_d20518